|
|
|
|
| LEADER |
00923nam#a2200253#a#4500 |
| 001 |
002694 |
| 005 |
20160721142529.0 |
| 008 |
040304s2003####ag##################spa#d |
| 040 |
|
|
|a AR-beUNQ
|
| 099 |
|
|
|a 35-C63
|
| 245 |
0 |
0 |
|a José Ortega y Gasset : sus viajes a la Argentina
|c Marta María Campomar.
|
| 260 |
|
|
|a Buenos Aires :
|b Fundación José Ortega y Gasset Argentina,
|c 2003
|
| 300 |
|
|
|a 32 p. :
|b il.
|
| 500 |
|
|
|a Catálogo de la muestra: José Ortega y Gasset, sus viajes a la Argentina. Noviembre 2003
|
| 500 |
|
|
|a Co-editor: Centro Cultural Borges
|
| 600 |
1 |
4 |
|a ORTEGA Y GASSET, JOSE
|d 1833-1955
|
| 650 |
|
7 |
|a CATALOGOS
|2 Spines
|
| 650 |
|
7 |
|a MATERIALES DE REFERENCIA
|2 Spines
|
| 650 |
|
7 |
|a BIOGRAFIAS
|2 Spines
|
| 651 |
|
7 |
|a ARGENTINA
|2 Spines
|
| 700 |
1 |
|
|a Campomar, Marta María
|e Coordinador
|4 coord
|
| 929 |
|
|
|a COMPRA
|b Margarita Pierini
|d 10,00E
|e 20040302
|f Patrimonio
|j 16667
|
| 942 |
|
|
|c LIB
|n 0
|
| 999 |
|
|
|c 5488
|d 80875
|